000 00597nam a22001937a 4500
003 OSt
005 20260624122957.0
008 260624b |||||||| |||| 00| 0 eng d
020 _a0809140772
040 _cChuka University Library
050 _aBJ 1249
_b.M3 2002
100 _aMcCormick, Patrick T.
_931083
245 _aFacing Ethical Issues: Dimensions of Character, Choices &Community
260 _aNew York
_bPaulist Press
_c2002
300 _aVarious pages
_bIllustrated
650 _aChristian ethics
_98450
650 _aChristian ethics - Catholic authors
_927579
942 _2lcc
_cBK
_n0
999 _c25161
_d25161